00826pam a2200253 a 45000010008000000030012000080050017000200080041000370100017000780200026000950200036001210400022001570500023001790820012002021000017002142450055002312500012002862600031002983000034003295000093003635040066004566500031005227000019005532976798NUST - PNEC20170116180834.0920407s1992 nyua b 001 0 eng  a 92014237  a0470218584 (J. Wiley) a8122403239 (Wiley Eastern Ltd.) aDLCcLIBRARYdDLC00aQA300b.M2846 199200a515 MAL1 aMalik, S. C.10aMathematical analysis /cS.C. Malik, Savita Arora. a2nd ed. aNew York :bWiley,cc1992. axii, 903 p. :bill. ;c25 cm. a"First published in 1992 by Wiley Eastern Limited ... Daryaganj, New Delhi"--T.p. verso. aIncludes bibliographical references (p. [893]-896) and index. 0aMathematical analysis.xME1 aArora, Savita.